01098cam a22003373a 450000100090000000300040000900500170001300800410003001000170007102000150008802000180010303500230012104000250014405000220016910000200019124500330021124600330024426000350027730000210031244000300033350000260036352100070038952600080039665000320040465000420043685600910047890600450056994200130061499900170062795201160064414628112OSt20140310184510.0061108s2006 nyu j 000 1 eng d a 2006285481 a0439847796 a9780439847797 a(OCoLC)ocm70583350 aIMFcIMFdBAKERdDLC00aPZ 7b.K84Re 20061 aKorman, Gordon.14aThe rescue /cGordon Korman.1 iAt head of title:aKidnapped aNew York :bScholastic,c2006. a140 p. ;c20 cm. 0aKidnapped ;vbk. 3929176 a"An Apple paperback."1 aG5 c760 1aKidnappingvFiction.929177 1aBrothers and sistersvFiction.929178423Publisher descriptionuhttp://www.loc.gov/catdir/enhancements/fy1116/2006285481-d.html a7bcbcccopycatd2encipf20gy-gencatlg 2lcccSCH c34895d34895 00102lcc40aLUXbLUXcSCHOd2013-10-14l0oPZ 7 .K84Re 2006pSCHO0107r2017-04-18 00:00:00t1w2013-10-14yBK